Fish resources of Bukit Merah Reservoir, Malaysia /
Saved in:
| 主要作者: | |
|---|---|
| 格式: | Thesis 图书 |
| 语言: | English |
| 出版: |
1982
|
| 主题: | |
| 标签: |
添加标签
没有标签, 成为第一个标记此记录!
|
| LEADER | 00849cam a2200253 a 4500 | ||
|---|---|---|---|
| 001 | u31216 | ||
| 003 | SIRSI | ||
| 008 | 830624s1982 my bt 00 1 eng | ||
| 035 | |a AAD-3678 | ||
| 040 | |a UMM | ||
| 043 | |a a-my-pe | ||
| 090 | |a QL618.3 |b Yap | ||
| 091 | 0 | 0 | |a Microfiche 8519 |
| 100 | 1 | 0 | |a Yap, Siaw Yang |
| 245 | 1 | 0 | |a Fish resources of Bukit Merah Reservoir, Malaysia / |c by Yap Siaw-Yang |
| 260 | |c 1982 | ||
| 300 | |a xx, 400 leaves : |b ill. ; |c 28cm | ||
| 502 | |a Thesis (Ph.D.) -- Fakulti Sains, Universiti Malaya, 1982 | ||
| 504 | 0 | 0 | |a Bibliography: leaves 360-399 |
| 650 | 0 | |a Freshwater fishes |z Perak |z Bukit Merah Reservoir | |
| 650 | 0 | |a Fishery management |z Perak |z Bukit Merah Reservoir | |
| 948 | |a 16/03/1991 |b 14/06/2002 | ||
| 596 | |a 1 | ||
| 999 | |a QL618.3 YAP |w LC |c 1 |i A002918794 |d 20/3/2010 |e 20/3/2010 |l STACKS |m P01UTAMA |n 9 |r Y |s Y |t TESIS |u 21/1/1992 | ||
